000 00485nam a22002057a 4500
999 _c11394
_d11394
003 OSt
008 220615b ||||| |||| 00| 0 eng d
020 _a97888120340077
082 _a005.1 COI
100 _aCORMEN, Thomas H
245 _aIntroduction to Algorithms
250 _a3rd
260 _aNew Delhi
_bPHI
_c2009
300 _a1292
650 _aCSE
700 _aLEISERSON, Charles E
700 _aRIVEST, Ronald L
700 _aSTEIN, Clifford
942 _2ddc
_cBK